000 00792nam a2200229 a 4500
005 20151112151116.0
008 140317b1999 ||||| |||| 00| 0 spa d
040 _aCO-BoIAVH
_cCO-BoIAVH
041 _aspa
090 _aLB
_b04236
100 _aMoreno Madriñan, Max Jacobo
_922201
245 _aEstudio de impacto ambiental para definir la introducción a la acuicultura colombiana de la langosta australiana Cherax quadricarinatus
260 _as.l.
_bINPA
_bCentro Nacional de Investigaciones Acuicolas de Repelón
_c1999?
300 _a50 p.
650 _aAspectos Taxonomicos
_941496
650 _aMorfologia
_941497
650 _aAnatomia
_941498
650 _aRelación talla- peso
_941499
700 _aVallecia Varela, Jaime
_922202
942 _cINFORME
_2z
945 _d2005-08-09
999 _c4740
_d4740